000
00323 a2200157 4500
001
179993
020
_a
040
_c
Magnum
100
_a
Sand, Elos
240
1
0
_a
O ladrao de bagda
_l
por
245
1
0
_a
O ladrao de bagda
362
0
_a
1899
440
1
_a
Melhoramentos
697
_a
MAGNITO: IJ/FABULAS
942
_c
BK
999
_c
179993
_d
179993